Tip'li Yıllar (1961-1971) : (Record no. 13541)

MARC details
000 -BAŞLIK
Sabit Uzunlukta Kontrol Alanı 00672nam a2200217 4500
999 ## - SİSTEM KONTROL NUMARALARI (KOHA)
Koha Biblionumber 13541
Koha Biblioitemnumber 13541
003 - KONTROL NUMARASI IDENTIFIER
Denetim Alanı MIRAKIL
005 - SON İŞLEM TARİHİ VE ZAMANI
Denetim Alanı 20211214000616.0
008 - SABİT-BOY VERİ ELEMANLARI - GENEL BİLGİLER
Sabit Uzunlukta Kontrol Alanı 191016b tu ||||| |||| 00| 0 tur d
020 ## - ULUSLARARASI STANDART KİTAP NUMARASI
Uluslararası Standart Kitap Numarası 9755760474
040 ## - KATALOGLAMA KAYNAK
Orijinal Kataloglama Ajansı TR-AnCHP
Metne Dönüştürmek Ajansı TR-AnCHP
041 ## - DİL KODU
Metin / Ses Parça Veya Ayrı Başlığın Dil Kodu tur
082 ## - DEWEY ONLU SINIFLANDIRMA NUMARASI
Sınıflandırma Numarası 324.256107
Ürün Numarası S26t 2001
100 ## - ANA GİRİŞ - KİŞİSEL İSİM
Kişisel Ad Sargın, Nihat
245 10 - BAŞLIK TABLOSU
Başlık Tip'li Yıllar (1961-1971) :
Başlığın Kalan Anılar-belgeler /
Sorumluluk Tablosu, Vb Nihat Sargın.
260 ## - YAYIN, DAĞITIM, VB
Yayın, Dağıtım, Vb Yeri Ankara :
Yayıncı, Dağıtıcı, Vs Adı Felis Yayınevi,
Yayın, Dağıtım, Vb Tarihi 2001.
300 ## - FİZİKSEL TANIM
Kapsam 2 c.:
Boyutlar 21 sm.
490 0# - SERİSİ TABLOSU
Seri Beyanı Felis;
-- Anı/ Tarih;
Hacim / Ardışık Tanımı 1.
-- 1.
650 #0 - KONU KATMA GİRİŞ - TOPİKAL DÖNEM
Topikal Süreli Veya Coğrafi Ad Giriş Elemanı Siyaset ve yönetim
Genel Alt Bölümü Türkiye
9 (RLIN) 9
650 #0 - KONU KATMA GİRİŞ - TOPİKAL DÖNEM
9 (RLIN) 804
Topikal Süreli Veya Coğrafi Ad Giriş Elemanı Siyasi partiler
Genel Alt Bölümü Türkiye İşçi Partisi (TİP)
Coğrafi Alt Bölümü Türkiye
942 ## - EKLENDİ GİRİŞ ELEMANLARI (KOHA)
Sınıflandırma Veya Raf Düzeni Kaynak Dewey Decimal Classification
Koha Öğesi Türü Books
Holdings
Kalıcı Konum Mevcut Konum Edinme Tarihi Seri Numaralandırma / Kronolojik Toplam Check-Out'Lar Tam Çağrı Numarası Barkod Tarih Son Görülme İtibaren Geçerli Fiyatlar Sigara Kamu Notu Koha Öğesi Türü
CHP Kütüphanesi CHP Kütüphanesi 10/16/2019 c.1   324.256107 S26t 2001 011806 10/16/2019 10/16/2019 Ertuğrul Çepni bağışıdır. Books
CHP Kütüphanesi CHP Kütüphanesi 10/16/2019 c.2   324.256107 S26t 2001 011807 10/16/2019 10/16/2019 Ertuğrul Çepni bağışıdır. Books